000 00735nam a2200217Ia 4500
001 1239
003 GE_BSU
008 181216s||||||||xx |||||||||||||| ||und||
040 _cGE_BSU
080 _a630(075.8)
100 _aმარგველაშვილი, ნ.
245 _aტყეთმოწყობა.
245 _bსახელმძღვანელო სასოფლო სამეურნეო ინსტიტუტის სტუდენტებისათვის.
260 _aთბილისი.
260 _bგანათლება.
260 _c1975.
300 _a369 გვ.25 სმ.
541 _h15 ლ.
653 _aტყეთმოწყობა.
942 _cBK
999 _c35386
_d35386